Ergebnisse der 2.Ligasaison 23/24 - Statistiken

Allgemein
  • Dieses Quiz wurde 32 mal gespielt
  • Das Durchschnittsergebnis liegt bei 5 aus 10
Antwortstatistiken
Spiel Ergebnis % Korrekt
St.Pauli-HSV 2:2
83%
Magdeburg-Hertha 6:4
57%
Kaiserslautern-Elversberg 3:2
50%
Kiel-KSC 1:0
47%
Rostock-Braunschweig 1:0
43%
Düsseldorf-Magdeburg 3:2
43%
Wiesbaden-Osnabrück 0:1
40%
Fürth-Braunschweig 3:3
40%
Nürnberg-Kaiserslautern 1:1
37%
Kiel-Osnabrück 4:0
33%
Keine übereinstimmenden Quizze gefunden
Verteilung der Resultate
Anzahl Personen mit jedem Resultat
Perzentil nach korrekt beantworteten Fragen
Ihre Resultats-Entwicklung
Sie haben dieses Quiz noch nicht gespielt